01231nam a2200349 a 4500001001000000003000900010005001700019007000300036008003000039020001800069040003000087082002800117100004300145245007700188260000600265264004600271300002900317336002700346337003500373338003000408490001300438500007000451590002600521590002600547650002400573650002800597700003200625910004100657942001200698952015400710999001700864000009447DO-SdBPM20251020103057.0ta090930s2023 dr 001 0 spa a9788412777727 aDO-SdBPMbspacBPMSUerda 4aRD861.5bR621m 20232221 aRivera Garrieo, Martha eautor d1961-10aMemorial de medusa /cMartha Rivera -Garrido; prólogo Anyia Flavía  c  aMadrid :bHuerga y Fierro Editores c2023 a139 páginas :c23 cm. atextobtxt2rdacontent asin mediación bn2rdamedia  avolumen bnc2rdacarrier 0 aPoesía aIncluye datos biográficos del autor en la solapa de la cubierta aInventariado, 2025/VM 6Inventariado, 2025/VM 7aPoesía dominicana 7aLiteratura dominicana 1 aFlavía, Anyia eprólogo aVMateo V. Control de calidad. BPMSU  2ddccBK 00102ddc708CDaBPMETbBPMETd2025-10-20eDirección General del Libro l0oBPMSU CD RD861.5 R621m 2023pBPMSU25100085r2025-10-20w2025-10-20yBK c15468d15468